Statistics for Sexy Songs

Click here to take the quiz!

General Stats

  • This quiz has been taken 280 times
  • The average score is 3 of 10

Answer Stats

HintAnswer% Correct
LMFAOI'm Sexy And I Know It
79%
Justin TimberlakeSexyBack
79%
David GuettaSexy Chick
33%
Right Said FredToo Sexy
29%
Hot ChocolateYou Sexy Thing
20%
The BeatlesSexy Sadie
11%
Ray-JSexy Can I
10%
Kenny ChesneyShe Thinks My Tractor's Sexy
6%
Paula AbdulSexy Thoughts
1%
ChamillionaireGrown and Sexy
0%

Score Distribution

Percentile by Number Answered

Percent of People with Each Score

Your Score History

You have not taken this quiz